000 00399nam a22001697a 4500
003 SGT
020 _a9780521856973
082 _a616.89
_bS10S
100 _aSACHDEV, PERMINDER S.
245 _aSECONDARY SCHIZOPHRENIA
250 _a1ST
260 _aNEW YORK
_bCAMBRIDGE UNIVERSITY PUB
_c2010
300 _a436
650 _aPSYCHIATRY
653 _aSECONDARY SCHIZOPHRENIA
942 _2ddc
_cBK
999 _c34326
_d34326